Statistiques concernant Les meilleurs maestros de N'oubliez pas les paroles (NOPLP) par images

Cliquez ici pour prendre le quiz!

Statistiques générales

  • Ce quiz a été pris 9 fois
  • Le résultat moyen est 7 sur 20

Statistiques - réponses

Réponse% Correct
Arsène
100%
Geoffrey
100%
Héloïse
100%
Hervé
100%
Jennifer
100%
Kevin
100%
Maureen
100%
Micka
100%
Mickaël
100%
Morgiane
100%
Renaud
100%
Jérémy
80%
Manon
80%
Caroline
75%
Lucile
75%
Louis
67%
Coralie
50%
Dorian
50%
Franck
50%
Paul
50%
Alessandra
33%
Gauthier
33%
Julien
33%
Laurens
33%
Laurent
33%
Virginie
33%
Cindy
25%
Aline
0%
Aline
0%
Audrey
0%
Audrey
0%
Aurélie
0%
Aurore
0%
Baptiste
0%
Charlotte
0%
Charlotte
0%
Cynthia
0%
Denis
0%
Einath
0%
Elodie
0%
Elodie
0%
Estelle
0%
Etienne
0%
Fannie
0%
Franck
0%
Joan
0%
Jocelyne
0%
Johanna
0%
Kaël
0%
Kristofer
0%
Laure
0%
Laurène
0%
Léa
0%
Lucia
0%
Lucie
0%
Magali
0%
Manon
0%
Margaux
0%
Mégane
0%
Mélodie
0%
Natasha
0%
Nathalie
0%
Sarah
0%
Sarah
0%
Sébastien
0%
Soriana
0%
Toni
0%
Valérie
0%
Violaine
0%
Yoan
0%

Distribution des résultats

Percentile par nombre de réponses

% des personnes avec chaque résultat

Votre développement - résultats

Vous n’avez pas pris ce quiz